00397nam a2200157Ia 4500008004100000020001800041041000800059082001900067100001600086245005000102250001200152260002200164300000800186365001600194700002900210230714s9999 xx 000 0 und d a9790000000000 aeng a621.319'2bSUD aSudhakar A. aCircuits And NetworksbAnalysis And Synthesis a5th ed. c2018bMcGraw Hill a935 cRs.b599.00 aSudhakar A. & Palli S.S.